000
00225nam a2200097Ia 4500
008
190216s9999||||xx |||||||||||||| ||und||
100
_a
Pandey B P
245
2
_a
A Text Book Of Botany Pteridophytes
260
_b
Null
942
_c
BK
999
_c
1270
_d
1270